Complex predicated in Dutch and English

Bibliographic Details
Published in:Studies in comparative Germanic syntax, ed. by Hubert Haider, Susan Olsen and Sten Vikner, Dordrecht [etc.], 1995, p. 219-240 (Studies in natural language and linguistic theory)
Main Author: Neeleman, Ad
Content type: Article
Published: 1995
Source:MPIPL_cat

MARC

LEADER 00000naa a2200000 u 4500
001 PL0064577
003 PLI01000000000000000062775
005 00000000000000.0
008 ||| u
100 1 |a Neeleman, Ad 
245 0 0 |a Complex predicated in Dutch and English  |c Ad Neeleman 
260 |c 1995 
773 0 8 |t Studies in comparative Germanic syntax  |a ed. by Hubert Haider, Susan Olsen and Sten Vikner  |d Dordrecht [etc.], 1995  |g p. 219-240  |k Studies in natural language and linguistic theory  |w MPIPL_cat.PL0063202  |z 0-7923-3280-6  |i In: 
952 |j 1995  |h p. 219-240 
996 |a Aufsatz 
997 |a book chapter